'Friends' Characters by First/Last Line Quiz Stats

 Plays Quiz Updated Oct 9, 2018

Score 0/22 Timer 06:00
18 Plays Today
First line Speaker % Correct
'Oh God Monica hi! Thank God! I just went to your building and you weren't there and then this guy with a big hammer said you might be here and you are, you are!'Rachel Green
77.4%
'Oh, my god, I am so glad you called me. I had the most supremely awful day.'Janice Litman Goralnik
74.7%
'I just feel like someone reached down my throat, grabbed my small intestine, pulled it out of my mouth and tied it around my neck...'Ross Geller
71.8%
'There's nothing to tell! He's just some guy I work with!'Monica Geller
65.9%
'Stop saying you're not talented, you're very talented. It's just with the bird dead and all, there's very little act left. Oh, honey, give me a break, will ya?'Estelle Leonard
64.6%
'All right Joey, be nice. So does he have a hump? A hump and a hairpiece?'Chandler Bing
64%
'Actually, I’m here about the assistant job.'Tag Jones
60.3%
'C'mon, you're going out with the guy! There's gotta be something wrong with him!'Joey Tribbiani
55.5%
What? The father can't drop by to see the daughter on her birthday?Dr. Leonard Green
52.9%
'Hey lady. Hey wait up. How do you know my dad?'Frank Buffay Jr
50.4%
'Really?! Well, that’s just lovely, isn’t it? I must’ve missed your call, even though I didn’t leave the flat all day.'Emily Waltham
49.7%
First line Speaker % Correct
'Wait, does he eat chalk?'Phoebe Buffay
49.7%
'Monopoly!'Paolo
49.4%
'I gotta tell you, I can't believe I'm doing this with you. Although I did just get out of a nine-year relationship, so I guess I should be open and taking some risks.'Mike Hannigan
47.2%
'Lemonade? You ok man?'Gunther
41.6%
'Yeah, a slice of cheesecake and-and a date if you’re given’ ‘em out.'Pete Becker
39.6%
'Oh, Martha Ludwin's daughter is gonna call you. Mmm! What's that curry taste?'Judy Geller
39.5%
'Ah, that's OK, come on in. Um, I'm sorry, is Monica Geller coming? I was told she was'Dr. Richard Burke
37.9%
'Hi. Okay, will that be all?'Ursula Buffay
35.3%
'Yeah! It's fine, it's fine. Robbie's gonna be here for hours. 'Barry Farber
33.8%
'Excuse me, I'm looking for someone. You don't, by any chance, know a Ross Geller?' Charlie Wheeler
28.7%
'This is kind of embarrassing, but occasionally after I've been intimate with a man...'Nora Tyler Bing
19.3%

You're not logged in!

Compare scores with friends on all Sporcle quizzes.
OR
Log In

Sporcle TV

Today on Sporcle TV


Watch our educational content, quiz creation guides, and fun videos on Sporcle TV.

Show Comments

Extras

Top Quizzes Today


Score Distribution

Your Account Isn't Verified!

In order to create a playlist on Sporcle, you need to verify the email address you used during registration. Go to your Sporcle Settings to finish the process.

Report this User

Report this user for behavior that violates our Community Guidelines.

Details: